书目信息 |
| 题名: |
向左走·向右走
|
|
| 作者: | 〓米 绘 | |
| 分册: | ||
| 出版信息: | 北京 三联书店 2002 |
|
| 页数: | 1册 | |
| 开本: | 20×20cm | |
| 丛书名: | ||
| 单 册: | ||
| 中图分类: | J228.5 | |
| 科图分类: | ||
| 主题词: | CT--S099836--组画 , 组画--中国--现代--画册 | |
| 电子资源: | ||
| ISBN: | 7-108-01693-1 | |
| 000 | 00819nam0 2200277 45 | |
| 001 | 012002041510 | |
| 005 | 20070725103310.37 | |
| 010 | @a7-108-01693-1@dCNY29.80 | |
| 035 | @a(011001)c2002035645 | |
| 100 | @a20020520d2002 em y0chiy0110 ea | |
| 101 | 0 | @achi |
| 102 | @aCN@b110000 | |
| 105 | @aa z 000yy | |
| 200 | 1 | @a向左走·向右走@9xiang zuo zou · xiang you zou@e〓米作品@f〓米[绘] |
| 210 | @a北京@c三联书店@d2002 | |
| 215 | @a1册@d20×20cm | |
| 305 | @a城邦文化事业股份有限公司格林文化事业部授权出版 | |
| 393 | @a〓=[几的繁写体](ji) | |
| 510 | 1 | @aA Chance of Sunshine@zeng |
| 517 | 1 | @a〓米作品@9ji mi zuo pin |
| 606 | 0 | @2CT@3S099836@a组画 |
| 606 | 0 | @a组画@y中国@z现代@j画册 |
| 690 | @aJ228.5@v4 | |
| 701 | 0 | @a〓米@9ji mi@4绘 |
| 801 | 0 | @aCN@bTSSF@c20070725 |
| 905 | @a10447@dJ228.5@e211 | |
| 向左走·向右走:〓米作品/〓米[绘].-北京:三联书店,2002 |
| 1册;20×20cm |
| ISBN 7-108-01693-1:CNY29.80 |
| ● |
| 相关链接 |
|
|
|
|
正题名:向左走·向右走
索取号:J228.5/211
 
预约/预借
| 序号 | 登录号 | 条形码 | 馆藏地/架位号 | 状态 | 备注 |
| 1 | 0767517 | 207675176 | 第一样本阅览室/ [索取号:J228.5/211] | 在馆 |